| 000 | 00570nam a22001815i 4500 | ||
|---|---|---|---|
| 001 | 172124 | ||
| 003 | ES-MaACL | ||
| 005 | 20250930063151.0 | ||
| 008 | 090615s1961 sp |||| | spa d | ||
| 080 | _a530.1(04) | ||
| 100 | 1 |
_aSobrevila, Nemesio, _d1899-1969 _9107001 |
|
| 245 | 1 | 0 |
_aFraude en la física _b: el error de sus principios / _cNemesio Sobrevila Sarachu. |
| 260 |
_aMadrid : _bV. Suárez, _c1961. |
||
| 300 |
_a110 p. : _bil. ; _c22 cm. |
||
| 650 | 1 | 7 |
_aFísica _2embne _912877 |
| 852 |
_aES-MaACL _jC-20970 _9R.48292 |
||
| 999 |
_c172124 _d172124 |
||